zpět

Detail výsledku týmu

A-Sport, Hradec Králové

Datum a čas kvízu

31.5 Celkem bodů Celkový počet nahraných bodů na tomto kvízu bez doplňovacích otázek.
4. Pořadí na kvízu Konečné umístění týmu na tomto kvízu.

Zaznamenané odpovědi

# Otázka Odpověď Body Výsledky
1. Pražská soukromá vysoká škola... je online 1
2. Bývalý španělský král, který č... Juan Carlos I. 1
3. Minulý týden se v Praze konal... Střelecký ostrov 0
4. Jedna z německých automobilek... Audi 1
5. Světová deblová dvojka Barbora... Simona Halepová 0
6. Historie kulečníkových her sah... slonovina 1
7. Kulečník, nebo také biliár (z... pool 1
8. Osmička (Eight-ball) se hraje... A 1
9. Nyní vám pustíme ukázku ze ser... karambol 1
10. The Hustler, česky Hazardní hr... Barva peněz 0